000 01345nam a2200253Ia 4500
999 _c49174
_d49174
001 16085
003 GE_BSU
005 20241209145708.0
008 181216s1989||||ge |||||||||||||| ||geo||
040 _cGE_BSU
041 _ageo
080 _a821-84+821-1+821-3 ს-47
245 _aსიბრძნის სიმფონია :
_b [აფორიზმები, ხატოვანი თქმები, რჩეული აზრები მსოფლიოს ხალხთა პოეზიასა და პროზაში] /
_cშედგენა, თარგმნა, შესავალი, განმარტებანი აკაკი გელოვანისა.
264 _aთბილისი :
_bხელოვნება,
_c1989.
300 _a815 გვ. :
_bილ. ;
_c21 სმ.
653 _aსიბრძნის სიმფონია
653 _aეგვიპტე
653 _aბიზანტიური პოეზიიდან
653 _aევროპა
653 _aამერიკა
653 _aმოძმე ხალხები ქართული სიბრძნის საგანძურიდან
700 _aგელოვანი, აკაკი
_eშემდგენელი
_923922
942 _cBK
_2udc